Mechanical Behavior Of Materials / (Record no. 586492)
[ view plain ]
| 000 -LEADER | |
|---|---|
| fixed length control field | 00392nam a22001457a 4500 |
| 020 ## - INTERNATIONAL STANDARD BOOK NUMBER | |
| International Standard Book Number | 9781259027512 |
| 040 ## - CATALOGING SOURCE | |
| Transcribing agency | NUST |
| 082 ## - DEWEY DECIMAL CLASSIFICATION NUMBER | |
| Classification number | 620.1129 |
| Author Mark | COU |
| 100 ## - MAIN ENTRY--PERSONAL NAME | |
| Personal name | Courtney, Thomas H. |
| 9 (RLIN) | 59613 |
| 245 ## - TITLE STATEMENT | |
| Title | Mechanical Behavior Of Materials / |
| Statement of responsibility, etc. | Thomas H. Courtney |
| 250 ## - EDITION STATEMENT | |
| Edition statement | 2nd Ed. |
| 260 ## - PUBLICATION, DISTRIBUTION, ETC. | |
| Place of publication, distribution, etc. | India, |
| Name of publisher, distributor, etc. | McGrawHill, |
| Date of publication, distribution, etc. | 2017. |
| 300 ## - PHYSICAL DESCRIPTION | |
| Extent | xviii, 733p. ; |
| Other physical details | Paperback |
| Dimensions | 24cm. |
| 942 ## - ADDED ENTRY ELEMENTS (KOHA) | |
| Source of classification or shelving scheme | |
| Koha item type | Book |
| Withdrawn status | Lost status | Source of classification or shelving scheme | Damaged status | Not for loan | Permanent Location | Current Location | Shelving location | Date acquired | Full call number | Barcode | Date last seen | Price effective from | Koha item type | Public note |
|---|---|---|---|---|---|---|---|---|---|---|---|---|---|---|
| School of Mechanical & Manufacturing Engineering (SMME) | School of Mechanical & Manufacturing Engineering (SMME) | General Stacks | 10/07/2021 | 620.1129 COU | SMME-3395 | 10/07/2021 | 10/07/2021 | Book | Rack,39-Shelf,3 |
